| 000 | 00660cab a2200217 4500 | ||
|---|---|---|---|
| 001 | ABS44058 | ||
| 008 | 090401t1991 xxu||||| |||| 00| 0 eng d | ||
| 035 | _a(Sirsi) u45127 | ||
| 041 | _aeng | ||
| 100 | _aRidout, G. | ||
| 245 | _aAt full throttle | ||
| 260 | _c1991 | ||
| 350 | _a0 | ||
| 490 |
_aBuilding _v256(7683) 22 February 1991, 46-50(4) |
||
| 520 | _aDescribes the construction of the Toyota car factory at Burnaston , which has been put up in less than ten months by the fast track method. | ||
| 650 | _aFACTORIES | ||
| 650 | _aFAST TRACK CONSTRUCTION | ||
| 690 | _aBUILDING AND CONSTRUCTION-PROJECTS | ||
| 942 | _n0 | ||
| 948 | _c04/03/1997 | ||
| 999 |
_c28688 _d28688 |
||